000
00297nam a2200121Ia 4500
008
240624s9999 xx 000 0 und d
041
_a
eng
082
_a
530 VER
100
_a
VERMA H C
245
_a
CONCEPTS OF PHYSICS
260
_c
2008
_a
New Delhi
_b
Bharti Bhawan
300
_a
462 : p. : cm. ; 27
999
_c
11779
_d
11779